State of Grace - Taylor Swift Lyrics - Statistics

General Stats
  • This quiz has been taken 5 times
  • The average score is 220 of 274
Answer Stats
Answer % Correct
a
100%
all
100%
and
100%
don't
100%
go
100%
grace
100%
I
100%
(I
100%
I'll
100%
(i'll
100%
i'll
100%
(I'll
100%
in
100%
it
100%
just
100%
let
100%
live
100%
love
100%
me
100%
my
100%
never
100%
(never)
100%
never)
100%
of
100%
saw
100%
so
100%
(so
100%
state
100%
the
100%
this
100%
'til
100%
to
100%
you
100%
your
100%
achilles
80%
be
80%
busy
80%
but
80%
(but
80%
comin'
80%
fast
80%
fight
80%
game
80%
good
80%
heel
80%
I'm
80%
is
80%
know
80%
lights
80%
like
80%
lives
80%
loved
80%
now
80%
oh
80%
play
80%
right
80%
same
80%
streets
80%
through
80%
touch
80%
traffic
80%
walkin'
80%
we
80%
(we
80%
were
80%
worthwhile
80%
you're
80%
alone
60%
are
60%
armor
60%
blue
60%
cannonball
60%
fall
60%
falls
60%
hurts
60%
or
60%
pierce
60%
room
60%
saint
60%
shades
60%
time
60%
age
40%
around
40%
bleeds
40%
broken
40%
come
40%
eyes
40%
fades
40%
fate
40%
fire
40%
four
40%
golden
40%
hands
40%
hearts
40%
hearts)
40%
our
40%
ruthless
40%
signs
40%
somethin'
40%
these
40%
twin
40%
unless
40%
up
40%
wild)
40%
with
40%
wrong
40%
wrong)
40%
brave
20%
changing
20%
clean
20%
learn
20%
minds
20%
mosaic
20%
pain
20%
real
20%
slates
20%
fame
0%
wilde
0%
No matching quizzes found
Score Distribution
Percent of People with Each Score
Percentile by Number Answered
Your Score History
You have not taken this quiz